Trendy v podnikání vědecký časopis Fakulty ekonomické Západočeské univerzity v Plzni
Problémy súčasnej hospodárskej praxe a poznatky nových inovatívnych postupov. Témy obsahujúce vývoj nových aplikačných metód a inovačných procesov, ako aj posledné trendy podnikovej ekonomiky a manažmentu.
Salvato in:
| Natura: | Periodico |
|---|---|
| Lingua: | ceco |
| Pubblicazione: |
Plzeň
Vydavatelství ZČU v Plzni
|
| Soggetti: | |
| Tags: |
Nessun Tag, puoi essere il primo ad aggiungerne!!
|
MARC
| LEADER | 00000nls a2200000 4500 | ||
|---|---|---|---|
| 001 | 0152789 | ||
| 005 | 20260209143053.2 | ||
| 022 | |a 2788-0079 | ||
| 022 | |a 1805-0603 | ||
| 041 | 0 | |a cze | |
| 044 | |a CZ | ||
| 245 | 1 | 0 | |a Trendy v podnikání |b vědecký časopis Fakulty ekonomické Západočeské univerzity v Plzni |
| 264 | 1 | |a Plzeň |b Vydavatelství ZČU v Plzni | |
| 500 | |a Do r. 2020 vychádzal 4x ročne. V roku 2021 vyšli 3 čísla. Od r. 2022 vychádza 2x ročne | ||
| 520 | |a Problémy súčasnej hospodárskej praxe a poznatky nových inovatívnych postupov. Témy obsahujúce vývoj nových aplikačných metód a inovačných procesov, ako aj posledné trendy podnikovej ekonomiky a manažmentu. | ||
| 610 | 2 | 0 | |a podnikanie |
| 610 | 2 | 0 | |a stratégia podniková |
| 610 | 2 | 0 | |a stratégia inovačná |
| 610 | 2 | 0 | |a marketing |
| 610 | 2 | 0 | |a manažment |
| 610 | 2 | 0 | |a riadenie podnikové |
| 610 | 2 | 0 | |a financie podnikové |